UBT Library

Stubble over the soil : (Record no. 41538)

000 -LEADER
fixed length control field 00805nam a2200241 a 4500
001 - CONTROL NUMBER
control field 1638539
005 - DATE AND TIME OF LATEST TRANSACTION
control field 20180201080950.0
008 - FIXED-LENGTH DATA ELEMENTS--GENERAL INFORMATION
fixed length control field 960808s1996 wiuab b 000 0 eng
010 ## - LIBRARY OF CONGRESS CONTROL NUMBER
LC control number 96085124
020 ## - INTERNATIONAL STANDARD BOOK NUMBER
International Standard Book Number 0891181318
040 ## - CATALOGING SOURCE
Original cataloging agency DLC
Transcribing agency DLC
041 ## - LANGUAGE CODE
Language code of text/sound track or separate title eng
043 ## - GEOGRAPHIC AREA CODE
Geographic area code s-cl---
080 ## - UNIVERSAL DECIMAL CLASSIFICATION NUMBER
Universal Decimal Classification number 631.5814 cro
082 00 - DEWEY DECIMAL CLASSIFICATION NUMBER
Classification number 631.5814 cro
Edition number 21
100 1# - Rafti
Rafti 9
101 ## - Shkurtesa
Shkurtesa mje
245 10 - TITLE STATEMENT
Title Stubble over the soil :
Statement of responsibility, etc Carlos Crovetto Lamarca.
504 ## - BIBLIOGRAPHY, ETC. NOTE
Bibliography, etc Includes bibliographical references.
906 ## - LOCAL DATA ELEMENT F, LDF (RLIN)
a 7
b cbc
c orignew
d 2
e opcn
f 19
g y-gencatlg
942 ## - ADDED ENTRY ELEMENTS (KOHA)
Source of classification or shelving scheme
Item type Books
Holdings
Withdrawn status Lost status Source of classification or shelving scheme Damaged status Not for loan Permanent location Current location Date acquired Total Checkouts Full call number Barcode Date last seen Price effective from Koha item type
          UBT - Lipjan UBT - Lipjan 02/01/2018   631.5814 cro 002-2997757 02/01/2018 02/01/2018 Books
UBT Library © 2015-2024. All rights reserved University Education for Business and Technology